[Event "RUS-ch U18"]
[Site "Dagomys"]
[Date "2004.04.??"]
[Round "10"]
[White "Melnikov, Alexey"]
[Black "Shkliar, Alexander"]
[Result "1-0"]
[WhiteElo "2174"]
[BlackElo "2310"]
[PlyCount "70"]
[EventDate "2004.04.??"]
[EventType "swiss"]
[EventRounds "10"]
[EventCountry "RUS"]
[SourceTitle "EXT 2005"]
[Source "ChessBase"]
[SourceDate "2004.11.15"]
[SourceVersion "1"]
[SourceVersionDate "2004.11.15"]
[SourceQuality "1"]

1. e4 e6 2. Qe2 c5 3. f4 Nc6 4. Nf3 g6 5. c3 Bg7 6. g3 Nge7 7. Bg2 d6 8. 0-0 0-0 9. d3 Rb8 10. a4 a6 11. Be3 b5 12. axb5 axb5 13. d4 cxd4 14. cxd4 e5 15. fxe5 dxe5 16. d5 Nd4 17. Qd3 Nxf3+ 18. Bxf3 Nc6 19. Bc5 Re8 20. b4 Nd4 21. Bg2 Rb7 22. Nc3 Bd7 23. Ne2 Nxe2+ 24. Qxe2 f5 25. Rad1 f4 26. gxf4 exf4 27. Rxf4 Be5 28. Rdf1 Bxf4 29. Rxf4 Qg5 30. Qf3 Rbb8 31. Bd6 Ra8 32. h4 Qd8 33. Bc5 g5 34. Rf6 Ra1+ 35. Kh2 Bg4 1-0

[Event "RUS-ch U18"]
[Site "Dagomys"]
[Date "2004.04.??"]
[Round "9"]
[White "Smirnov, Alexander"]
[Black "Melnikov, Alexey"]
[Result "0-1"]
[WhiteElo "2259"]
[BlackElo "2174"]
[PlyCount "70"]
[EventDate "2004.04.??"]
[EventType "swiss"]
[EventRounds "10"]
[EventCountry "RUS"]
[SourceTitle "EXT 2005"]
[Source "ChessBase"]
[SourceDate "2004.11.15"]
[SourceVersion "1"]
[SourceVersionDate "2004.11.15"]
[SourceQuality "1"]

1. e4 e5 2. Nf3 Nc6 3. Nc3 Nf6 4. d4 exd4 5. Nxd4 Bb4 6. Nxc6 bxc6 7. Bd3 d5 8. exd5 cxd5 9. Qe2+ Be7 10. 0-0 0-0 11. Re1 Bd6 12. Bg5 c6 13. Qd2 Rb8 14. Rab1 Be6 15. Ne2 h6 16. Bf4 c5 17. c3 Re8 18. a4 Bxf4 19. Qxf4 a5 20. Red1 Bd7 21. Ng3 Qe7 22. Bc2 Qe5 23. Qxe5 Rxe5 24. f3 g6 25. Kf2 Bc6 26. b3 Re7 27. Re1 Reb7 28. Rbd1 c4 29. bxc4 Rb2 30. Re2 Rxc2 31. Rxc2 Bxa4 32. Rcd2 Bxd1 33. Rxd1 Rb2+ 34. Ke3 dxc4 35. Rd2 Rxd2 0-1

[Event "Samara op"]
[Site "Samara"]
[Date "2003.??.??"]
[Round "1"]
[White "Melnikov, Alexey"]
[Black "Gajsin, Evgenij"]
[Result "0-1"]
[WhiteElo "2134"]
[BlackElo "2387"]
[PlyCount "84"]
[EventDate "2003.??.??"]
[EventType "swiss"]
[EventRounds "9"]
[EventCountry "RUS"]
[SourceTitle "EXT 2005"]
[Source "ChessBase"]
[SourceDate "2004.11.15"]
[SourceVersion "1"]
[SourceVersionDate "2004.11.15"]
[SourceQuality "1"]

1. e4 c5 2. Ne2 Nf6 3. d3 Nc6 4. Nbc3 g6 5. g3 Bg7 6. Bg2 0-0 7. 0-0 d6 8. h3 Rb8 9. f4 Bd7 10. Kh2 b5 11. Qe1 a5 12. Nd1 Ne8 13. f5 c4 14. Ne3 cxd3 15. cxd3 b4 16. Ng4 Nf6 17. Nh6+ Kh8 18. d4 Ng8 19. Nxg8 Kxg8 20. Be3 a4 21. Rc1 Na5 22. fxg6 hxg6 23. Nf4 Bb5 24. Rf2 b3 25. a3 Nc4 26. Bf1 Nxe3 27. Qxe3 Bxf1 28. Rfxf1 e6 29. Rc4 Qd7 30. Rfc1 Rfc8 31. Ne2 Rxc4 32. Rxc4 d5 33. exd5 exd5 34. Rc3 Re8 35. Qf2 Qe6 36. Nf4 Qe1 37. Qxe1 Rxe1 38. Rc8+ Kh7 39. Ra8 Rb1 40. Rxa4 Rxb2+ 41. Kg1 Rd2 42. Nxd5 b2 0-1

[Event "Samara op"]
[Site "Samara"]
[Date "2003.??.??"]
[Round "7"]
[White "Melnikov, Alexey"]
[Black "Kiselev, Artiom"]
[Result "1-0"]
[WhiteElo "2134"]
[BlackElo "2251"]
[PlyCount "39"]
[EventDate "2003.??.??"]
[EventType "swiss"]
[EventRounds "9"]
[EventCountry "RUS"]
[SourceTitle "EXT 2005"]
[Source "ChessBase"]
[SourceDate "2004.11.15"]
[SourceVersion "1"]
[SourceVersionDate "2004.11.15"]
[SourceQuality "1"]

1. e4 c5 2. b3 d6 3. Bb2 Nf6 4. Bb5+ Bd7 5. Bxd7+ Qxd7 6. Bxf6 gxf6 7. Qh5 Bg7 8. Nc3 e6 9. Nge2 Nc6 10. f4 Ne7 11. f5 exf5 12. exf5 Qxf5 13. Qxf5 Nxf5 14. Nd5 Kd7 15. 0-0 Rae8 16. Nec3 Re5 17. Rf2 Kc6 18. Rxf5 b5 19. Rxe5 fxe5 20. Ne7+ 1-0